Kế hoạch chiến lược quốc gia về khoa học và công nghệ Thái Lan /

সংরক্ষণ করুন:
গ্রন্থ-পঞ্জীর বিবরন
প্রধান লেখক: Phùng Minh Lai, TS.
অন্যান্য লেখক: Phùng Anh Tiến.
বিন্যাস: প্রবন্ধ
ভাষা:Vietnamese
বিষয়গুলি:
ট্যাগগুলো: ট্যাগ যুক্ত করুন
কোনো ট্যাগ নেই, প্রথমজন হিসাবে ট্যাগ করুন!
Thư viện lưu trữ: Thư viện Trường Đại học Đà Lạt
LEADER 00897nam a2200289 4500
001 DLU100107355
005 ##20100511
040 # # |a DLU  |b vie 
041 # # |a vie 
044 # # |a vn 
100 # # |a Phùng Minh Lai,   |c TS. 
245 # # |a Kế hoạch chiến lược quốc gia về khoa học và công nghệ Thái Lan /  |c Phùng Minh Lai, Phùng Anh Tiến. 
653 # # |a Công nghệ cao 
653 # # |a Kinh tế hộ 
653 # # |a Phát triển công nghiệp 
653 # # |a Thái Lan 
700 # # |a Phùng Anh Tiến. 
773 # # |t Tổng luận khoa học Công nghệ Kinh tế  |g Số4(242), 2008, tr. 2-20 
920 # # |a Phòng Tạp chí -- Trung tâm Thông tin - Thư viện Trường Đại học Đà Lạt 
994 # # |a DLU 
900 # # |a True 
911 # # |a Nguyễn Thị Linh Chi 
925 # # |a G 
926 # # |a A 
927 # # |a BB 
980 # # |a Thư viện Trường Đại học Đà Lạt